[Event "GBR-ch 107th"]
[Site "Hull"]
[Date "2021.10.09"]
[Round "8.7"]
[White "Stubbs, Oliver"]
[Black "Khoury, Theo"]
[Result "0-1"]
[WhiteElo "1925"]
[BlackElo "1814"]
[PlyCount "84"]
[EventDate "2021.10.02"]
[EventType "swiss"]
[EventRounds "9"]
[EventCountry "GBR"]
[SourceTitle "BritBase"]
[Source "John Saunders"]
[SourceDate "2021.06.05"]
[SourceVersion "1"]
[SourceVersionDate "2021.06.05"]
[SourceQuality "1"]

1. d4 Nf6 2. Nf3 e6 3. Bf4 c5 4. e3 d5 5. c3 Nc6 6. Nbd2 cxd4 7. exd4 Nh5 8.
Be3 Bd6 9. Ne5 Nf6 10. f4 Qb6 11. Qb3 Ng8 12. Qxb6 axb6 13. Bb5 Nge7 14. O-O f6
15. Nd3 O-O 16. a4 Na7 17. b3 Nxb5 18. axb5 Bd7 19. c4 Rfc8 20. Rfc1 Kf7 21. g3
h5 22. Bf2 g6 23. Kf1 Nf5 24. Ke2 Ke7 25. Nb2 Ba3 26. Ra2 Bxb2 27. Rxb2 Bxb5
28. Kd1 Bc6 29. c5 Bb5 30. b4 Ra3 31. Nb1 Rd3+ 32. Rd2 Rb3 33. Nc3 Rxb4 34.
cxb6 Rbc4 35. Rdc2 Nxd4 36. Bxd4 Rxd4+ 37. Ke1 Rdc4 38. Kd2 Ba6 39. Re1 Kd6 40.
h3 Rd4+ 41. Kc1 Rc6 42. Re3 Bd3 0-1

[Event "GBR-ch 107th"]
[Site "Hull"]
[Date "2021.10.10"]
[Round "9.1"]
[White "Harvey, Marcus R"]
[Black "Pert, Nicholas"]
[Result "1/2-1/2"]
[WhiteElo "2465"]
[BlackElo "2548"]
[PlyCount "109"]
[EventDate "2021.10.02"]
[EventType "swiss"]
[EventRounds "9"]
[EventCountry "GBR"]
[SourceTitle "BritBase"]
[Source "John Saunders"]
[SourceDate "2021.06.05"]
[SourceVersion "1"]
[SourceVersionDate "2021.06.05"]
[SourceQuality "1"]

1. d4 Nf6 2. c4 e6 3. Nf3 d5 4. Nc3 dxc4 5. e3 a6 6. a4 c5 7. Bxc4 Nc6 8. O-O
Be7 9. Qe2 cxd4 10. Rd1 e5 11. exd4 exd4 12. Nxd4 Nxd4 13. Qe3 O-O 14. Rxd4 Qc7
15. Qf4 Qxf4 16. Bxf4 Bc5 17. Rd2 Be6 18. Bxe6 fxe6 19. Bd6 Rfd8 20. Rad1 Bxd6
21. Rxd6 Rxd6 22. Rxd6 Re8 23. f3 Kf7 24. Rb6 Re7 25. Kf2 Rc7 26. Ke2 Ke7 27.
g4 g5 28. h3 h6 29. Rb4 Kd6 30. Rd4+ Nd5 31. f4 gxf4 32. Kf3 Ke5 33. Nxd5 exd5
34. Rxf4 Rc1 35. Rb4 Rf1+ 36. Ke2 Rh1 37. Rxb7 Rxh3 38. Kd2 Rg3 39. a5 Rxg4 40.
Rb6 Ke4 41. Rxa6 Rg2+ 42. Kc1 Kd3 43. Kb1 Kc4 44. Rb6 h5 45. a6 Rg7 46. b4 h4
47. Rb7 Rg8 48. a7 h3 49. Rh7 Ra8 50. Kc2 Kxb4 51. Kd3 Kc5 52. Rxh3 Rxa7 53.
Rh4 Ra3+ 54. Kd2 d4 55. Rh8 1/2-1/2

[Event "GBR-ch 107th"]
[Site "Hull"]
[Date "2021.10.10"]
[Round "9.2"]
[White "Olson, Hamish"]
[Black "Ledger, Andrew J"]
[Result "1-0"]
[WhiteElo "2273"]
[BlackElo "2329"]
[PlyCount "59"]
[EventDate "2021.10.02"]
[EventType "swiss"]
[EventRounds "9"]
[EventCountry "GBR"]
[SourceTitle "BritBase"]
[Source "John Saunders"]
[SourceDate "2021.06.05"]
[SourceVersion "1"]
[SourceVersionDate "2021.06.05"]
[SourceQuality "1"]

1. d4 Nf6 2. Nf3 d5 3. g3 Bf5 4. Bg2 c6 5. c4 e6 6. Nc3 h6 7. Qb3 Qc8 8. O-O
Nbd7 9. Bf4 Nh5 10. Bd2 Bd6 11. Rac1 Nhf6 12. Nh4 Be4 13. cxd5 exd5 14. Bxe4
Nxe4 15. Nxe4 dxe4 16. Nf5 Bf8 17. Bb4 Nb6 18. Bxf8 Qxf5 19. Bxg7 Rg8 20. Rc5
Qg6 21. Re5+ Kd7 22. Bxh6 f5 23. a4 Rh8 24. Bf4 Rh3 25. f3 Rah8 26. Rf2 Kc8 27.
fxe4 fxe4 28. e3 Nd7 29. Re7 Qh5 30. Qe6 1-0

[Event "GBR-ch 107th"]
[Site "Hull"]
[Date "2021.10.10"]
[Round "9.3"]
[White "Arkell, Keith C"]
[Black "Hebden, Mark L"]
[Result "1/2-1/2"]
[WhiteElo "2380"]
[BlackElo "2455"]
[PlyCount "161"]
[EventDate "2021.10.02"]
[EventType "swiss"]
[EventRounds "9"]
[EventCountry "GBR"]
[SourceTitle "BritBase"]
[Source "John Saunders"]
[SourceDate "2021.06.05"]
[SourceVersion "1"]
[SourceVersionDate "2021.06.05"]
[SourceQuality "1"]

1. d4 g6 2. c4 Bg7 3. Nc3 Nf6 4. Nf3 O-O 5. g3 d6 6. Bg2 Nc6 7. O-O Rb8 8. Bf4
Ng4 9. h3 e5 10. Bg5 f6 11. Bc1 Nh6 12. e4 Nf7 13. Be3 a6 14. Rc1 Bd7 15. Nd5
f5 16. exf5 gxf5 17. Qd2 Kh8 18. Rfd1 f4 19. gxf4 exd4 20. Nxd4 Ne7 21. Nxe7
Qxe7 22. Nf3 Bc6 23. Bd4 Bxf3 24. Bxg7+ Kxg7 25. Bxf3 b6 26. Qc3+ Qf6 27. Qxf6+
Kxf6 28. Re1 Nh6 29. Bd5 Rbe8 30. Re4 Rxe4 31. Bxe4 Kg7 32. Re1 Rxf4 33. Kg2
Rf8 34. Bd3 a5 35. Kg3 Ng8 36. Re4 Rf7 37. Rg4+ Kf8 38. Rf4 Nf6 39. Kh4 Kg7 40.
Rf3 Re7 41. Rg3+ Kf7 42. Rf3 Re5 43. Rf5 Re1 44. Rf3 h6 45. Rg3 Rd1 46. Bg6+
Kf8 47. Rd3 Rc1 48. b3 Rf1 49. Rf3 Ke7 50. Re3+ Kd8 51. Re2 Rg1 52. Bc2 Rg2 53.
Bf5 Rg5 54. Bg4 Re5 55. Rc2 a4 56. b4 Re4 57. Kg3 Rd4 58. Bf3 c5 59. bxc5 bxc5
60. Rc3 Ne4+ 61. Bxe4 Rxe4 62. f4 Ke7 63. Kg4 Kf6 64. Rd3 Ke6 65. Rc3 Rd4 66.
Kh5 Rxf4 67. Kxh6 Ke5 68. Kg5 Rf2 69. Ra3 Rg2+ 70. Kh5 d5 71. cxd5 c4 72. Rxa4
Kxd5 73. Ra8 c3 74. Rc8 Kd4 75. h4 Rxa2 76. Rd8+ Ke3 77. Rc8 Kd3 78. Rd8+ Ke2
79. Rc8 Kd2 80. Kg6 Ra6+ 81. Kg5 1/2-1/2

[Event "GBR-ch 107th"]
[Site "Hull"]
[Date "2021.10.10"]
[Round "9.4"]
[White "Gormally, Daniel W"]
[Black "Sucikova, Svetlana"]
[Result "1-0"]
[WhiteElo "2480"]
[BlackElo "2175"]
[PlyCount "73"]
[EventDate "2021.10.02"]
[EventType "swiss"]
[EventRounds "9"]
[EventCountry "GBR"]
[SourceTitle "BritBase"]
[Source "John Saunders"]
[SourceDate "2021.06.05"]
[SourceVersion "1"]
[SourceVersionDate "2021.06.05"]
[SourceQuality "1"]

1. d4 d5 2. c4 c6 3. Nf3 Nf6 4. e3 e6 5. Bd3 Be7 6. O-O O-O 7. Nbd2 Nbd7 8. e4
dxe4 9. Nxe4 Nxe4 10. Bxe4 Nf6 11. Bc2 c5 12. Qd3 Qc7 13. Bg5 g6 14. dxc5 Qxc5
15. Qc3 Ng4 16. Bxe7 Qxe7 17. Rfe1 b6 18. Re4 Nf6 19. Rh4 Bb7 20. Ng5 Rfd8 21.
Rh6 Ng4 22. Rxh7 e5 23. h4 Qc5 24. Rxf7 Rd4 25. Rg7+ Kh8 26. Rh7+ Kg8 27. Qg3
Qc6 28. c5 Rad8 29. Bb3+ R8d5 30. Qf3 Rf4 31. Bxd5+ Qxd5 32. Qxd5+ Bxd5 33. f3
Nf6 34. Rxa7 bxc5 35. Re1 e4 36. fxe4 Bc4 37. b3 1-0

[Event "GBR-ch 107th"]
[Site "Hull"]
[Date "2021.10.10"]
[Round "9.5"]
[White "Khoury, Theo"]
[Black "McPhillips, Joseph"]
[Result "0-1"]
[WhiteElo "1814"]
[BlackElo "2425"]
[PlyCount "72"]
[EventDate "2021.10.02"]
[EventType "swiss"]
[EventRounds "9"]
[EventCountry "GBR"]
[SourceTitle "BritBase"]
[Source "John Saunders"]
[SourceDate "2021.06.05"]
[SourceVersion "1"]
[SourceVersionDate "2021.06.05"]
[SourceQuality "1"]

1. e4 e6 2. d4 d5 3. Nc3 Nf6 4. e5 Nfd7 5. Nce2 c5 6. c3 Nc6 7. Nf3 b5 8. a4 b4
9. g3 Rb8 10. Bg2 bxc3 11. bxc3 cxd4 12. cxd4 Bb4+ 13. Bd2 Bxd2+ 14. Qxd2 Na5
15. Qc2 Ba6 16. O-O O-O 17. Rab1 Rc8 18. Qb2 Bd3 19. Rbc1 Nc4 20. Qa2 Rb8 21.
Nf4 Bxf1 22. Bxf1 Rb2 23. Qa1 Qb6 24. Bd3 Qb3 25. Bxc4 dxc4 26. Kg2 Rb8 27. d5
Qe3 28. Rf1 Nxe5 29. Nxe5 Qxe5 30. dxe6 fxe6 31. Qe1 Qxe1 32. Rxe1 g5 33. Nxe6
Re8 34. Re4 c3 35. Nxg5 Rxe4 36. Nxe4 c2 0-1

[Event "GBR-ch 107th"]
[Site "Hull"]
[Date "2021.10.10"]
[Round "9.6"]
[White "Willison, Steven"]
[Black "Finn, Peter"]
[Result "0-1"]
[WhiteElo "1936"]
[BlackElo "1959"]
[PlyCount "42"]
[EventDate "2021.10.02"]
[EventType "swiss"]
[EventRounds "9"]
[EventCountry "GBR"]
[SourceTitle "BritBase"]
[Source "John Saunders"]
[SourceDate "2021.06.05"]
[SourceVersion "1"]
[SourceVersionDate "2021.06.05"]
[SourceQuality "1"]

1. e4 e6 2. d4 d5 3. e5 c5 4. Nf3 cxd4 5. Qxd4 Nc6 6. Qf4 Qc7 7. Bb5 Nge7 8.
O-O Ng6 9. Qg3 Bc5 10. b4 Bxb4 11. Bb2 O-O 12. h4 f6 13. Bxc6 bxc6 14. h5 Nxe5
15. Nxe5 Bd6 16. Re1 fxe5 17. Bxe5 Bxe5 18. Qxe5 Qxe5 19. Rxe5 Rb8 20. Na3 Rb2
21. f3 Rf4 0-1

[Event "GBR-ch 107th"]
[Site "Hull"]
[Date "2021.10.10"]
[Round "9.7"]
[White "Starley, Robert"]
[Black "Stubbs, Oliver"]
[Result "0-1"]
[WhiteElo "2057"]
[BlackElo "1925"]
[PlyCount "84"]
[EventDate "2021.10.02"]
[EventType "swiss"]
[EventRounds "9"]
[EventCountry "GBR"]
[SourceTitle "BritBase"]
[Source "John Saunders"]
[SourceDate "2021.06.05"]
[SourceVersion "1"]
[SourceVersionDate "2021.06.05"]
[SourceQuality "1"]

1. e4 e6 2. d4 d5 3. Nc3 Bb4 4. e5 c5 5. a3 Bxc3+ 6. bxc3 Ne7 7. a4 b6 8. Nf3
Ba6 9. Bb5+ Bxb5 10. axb5 a5 11. bxa6 Rxa6 12. Rxa6 Nxa6 13. O-O O-O 14. Qe2
Nb8 15. Bg5 h6 16. Bh4 Qc7 17. g4 Ng6 18. Bg3 cxd4 19. cxd4 Rc8 20. Rc1 Qc3 21.
h4 Rc4 22. h5 Ne7 23. Bf4 Nbc6 24. Be3 Nb4 25. g5 hxg5 26. Bd2 Qb2 27. Qe3 Nxc2
28. Qxg5 Nxd4 29. Nxd4 Qxd4 30. Rxc4 dxc4 31. Be3 Qa1+ 32. Kg2 Nf5 33. Bf4 Qd4
34. Be3 Qe4+ 35. Kf1 Nxe3+ 36. fxe3 Qf5+ 37. Qf4 b5 38. Ke2 Qxf4 39. exf4 b4
40. Ke3 Kh7 41. Kd4 c3 42. Kd3 Kh6 0-1

[Event "GBR-ch107 Womens ch"]
[Site "Hull"]
[Date "2021.10.14"]
[Round "1.1"]
[White "Hunt, Harriet V"]
[Black "Bridgeman, Niamh"]
[Result "1-0"]
[WhiteElo "2414"]
[BlackElo "1802"]
[PlyCount "57"]
[EventDate "2021.10.14"]
[EventType "swiss"]
[EventRounds "7"]
[EventCountry "GBR"]
[SourceTitle "BritBase"]
[Source "John Saunders"]
[SourceDate "2021.06.05"]
[SourceVersion "1"]
[SourceVersionDate "2021.06.05"]
[SourceQuality "1"]

1. e4 e6 2. Qe2 Be7 3. Nf3 d5 4. e5 c5 5. d3 Nc6 6. h4 f6 7. Bf4 fxe5 8. Nxe5
Bf6 9. Nxc6 bxc6 10. c3 Ne7 11. Nd2 Ng6 12. Bg3 O-O 13. h5 Nh4 14. h6 g6 15.
Be5 Bg5 16. Nb3 Qe7 17. Qg4 Nf5 18. Qa4 Bd7 19. Qa5 Nxh6 20. Qxc5 Qf7 21. Be2
Nf5 22. f4 Ng3 23. fxg5 Nxh1 24. Bf3 Qf5 25. Qe3 Rac8 26. O-O-O Nf2 27. Nd4
Nxd1 28. Nxf5 Nxe3 29. Nh6# 1-0

[Event "GBR-ch107 Womens ch"]
[Site "Hull"]
[Date "2021.10.14"]
[Round "1.2"]
[White "Subramanian, Anusha"]
[Black "Arakhamia-Grant, Ketevan E"]
[Result "0-1"]
[WhiteElo "1623"]
[BlackElo "2376"]
[PlyCount "124"]
[EventDate "2021.10.14"]
[EventType "swiss"]
[EventRounds "7"]
[EventCountry "GBR"]
[SourceTitle "BritBase"]
[Source "John Saunders"]
[SourceDate "2021.06.05"]
[SourceVersion "1"]
[SourceVersionDate "2021.06.05"]
[SourceQuality "1"]

1. Nf3 Nf6 2. c4 c5 3. Nc3 g6 4. e4 Nc6 5. d4 cxd4 6. Nxd4 Bg7 7. Be3 d6 8. Be2
O-O 9. Qd2 Bd7 10. O-O a5 11. Rad1 a4 12. f4 Qa5 13. Nxc6 Bxc6 14. Bf3 Rfc8 15.
Nd5 Nxd5 16. cxd5 Qxd2 17. Rxd2 Bb5 18. Rfd1 h5 19. Bd4 Bxd4+ 20. Rxd4 Rc2 21.
Rb4 Ra5 22. h4 Kf8 23. f5 Kg7 24. a3 Ba6 25. Rdd4 Rac5 26. Rb6 R5c4 27. Rxc4
Rxc4 28. fxg6 fxg6 29. Kh2 Kf6 30. Kh3 Ke5 31. Kg3 Rd4 32. Kh3 Kf4 33. Kh2 Rd2
34. Rb4 Ke5 35. Kg3 b5 36. Kh2 Rd4 37. Kg3 Rxb4 38. axb4 Bc8 39. Be2 Bd7 40.
Kf2 Kxe4 41. Bf3+ Kd3 42. Ke1 Kc2 43. Be4+ Kxb2 44. Bxg6 a3 45. Bxh5 a2 46. g4
a1=Q+ 47. Ke2 Qh1 48. g5 Qxh4 49. Bf3 Qxg5 50. Kd3 Bf5+ 51. Ke2 Bg4 52. Bxg4
Qxg4+ 53. Ke3 Qxb4 54. Kf3 Kc2 55. Ke3 Qc3+ 56. Kf2 b4 57. Ke2 b3 58. Kf2 b2
59. Kg2 b1=Q 60. Kh2 Kb3 61. Kg2 Qbb2+ 62. Kg1 Qcc1# 0-1

[Event "GBR-ch107 Womens ch"]
[Site "Hull"]
[Date "2021.10.14"]
[Round "1.3"]
[White "Toma, Katarzyna"]
[Black "Singha, Swati"]
[Result "1-0"]
[WhiteElo "2254"]
[BlackElo "1438"]
[PlyCount "117"]
[EventDate "2021.10.14"]
[EventType "swiss"]
[EventRounds "7"]
[EventCountry "GBR"]
[SourceTitle "BritBase"]
[Source "John Saunders"]
[SourceDate "2021.06.05"]
[SourceVersion "1"]
[SourceVersionDate "2021.06.05"]
[SourceQuality "1"]

1. e4 e5 2. Nf3 Nc6 3. Bb5 d6 4. O-O Nf6 5. Re1 a6 6. Ba4 b5 7. Bb3 Na5 8. d4
Nxb3 9. axb3 Bb7 10. Nc3 exd4 11. Nxd4 Nd7 12. Bf4 b4 13. Nd5 c6 14. Ne3 c5 15.
Ndf5 Ne5 16. Nc4 Nxc4 17. bxc4 Qf6 18. Nxd6+ Bxd6 19. Bxd6 Rd8 20. e5 Qg6 21.
f3 h5 22. Qe2 Rc8 23. Rad1 Rh6 24. Qf2 Qe6 25. b3 Rg6 26. Rd3 Qf5 27. Bxc5 Rxc5
28. Qxc5 Bxf3 29. Rxf3 Qxf3 30. Qc8+ Ke7 31. Qc7+ Ke8 32. Qb8+ Kd7 33. e6+ fxe6
34. Qa7+ Kc8 35. Qxa6+ Qb7 36. Qxb7+ Kxb7 37. Re5 Rh6 38. Rb5+ Kc6 39. Rxb4 Kc5
40. c3 g6 41. Kf2 Rh7 42. Rb5+ Kd6 43. Ke3 Rf7 44. Rg5 Rf6 45. c5+ Kc6 46. c4
Rf1 47. b4 Rc1 48. b5+ Kd7 49. Kd3 Rd1+ 50. Kc2 Rd4 51. Kc3 Re4 52. Rxg6 Re2
53. Rg7+ Kc8 54. c6 Re3+ 55. Kd4 Re2 56. b6 e5+ 57. Kc5 Kd8 58. c7+ Kc8 59. Kc6
1-0

[Event "GBR-ch107 Womens ch"]
[Site "Hull"]
[Date "2021.10.14"]
[Round "1.4"]
[White "Arora, Prachi"]
[Black "Varney, Zoe"]
[Result "0-1"]
[WhiteElo "1437"]
[BlackElo "1937"]
[PlyCount "48"]
[EventDate "2021.10.14"]
[EventType "swiss"]
[EventRounds "7"]
[EventCountry "GBR"]
[SourceTitle "BritBase"]
[Source "John Saunders"]
[SourceDate "2021.06.05"]
[SourceVersion "1"]
[SourceVersionDate "2021.06.05"]
[SourceQuality "1"]

1. e4 e5 2. Nf3 Nc6 3. Bc4 Nf6 4. Nc3 Nxe4 5. Nxe4 d5 6. Bxd5 Qxd5 7. Nc3 Qa5
8. O-O Bg4 9. Re1 O-O-O 10. d3 Nd4 11. Kh1 Bd6 12. Bd2 Qc5 13. Be3 Bxf3 14.
gxf3 f5 15. Ne2 Qd5 16. c4 Qxf3+ 17. Kg1 Qg4+ 18. Kh1 Nf3 19. Ng1 e4 20. dxe4
fxe4 21. h3 Qh4 22. Nxf3 Qxh3+ 23. Kg1 exf3 24. Qd2 Qg2# 0-1

[Event "GBR-ch107 Womens ch"]
[Site "Hull"]
[Date "2021.10.15"]
[Round "2.1"]
[White "Varney, Zoe"]
[Black "Hunt, Harriet V"]
[Result "1/2-1/2"]
[WhiteElo "1937"]
[BlackElo "2414"]
[PlyCount "35"]
[EventDate "2021.10.14"]
[EventType "swiss"]
[EventRounds "7"]
[EventCountry "GBR"]
[SourceTitle "BritBase"]
[Source "John Saunders"]
[SourceDate "2021.06.05"]
[SourceVersion "1"]
[SourceVersionDate "2021.06.05"]
[SourceQuality "1"]

1. e4 c5 2. Nf3 g6 3. d4 cxd4 4. Nxd4 Nc6 5. Be3 Bg7 6. Nc3 Nf6 7. f3 O-O 8.
Bc4 Qb6 9. a3 Nxe4 10. Nd5 Qxb2 11. fxe4 Nxd4 12. Ra2 Nxc2+ 13. Qxc2 Qe5 14.
O-O e6 15. Bf4 Qd4+ 16. Be3 Qe5 17. Bf4 Qd4+ 18. Be3 1/2-1/2

[Event "GBR-ch107 Womens ch"]
[Site "Hull"]
[Date "2021.10.15"]
[Round "2.2"]
[White "Arakhamia-Grant, Ketevan E"]
[Black "Toma, Katarzyna"]
[Result "0-1"]
[WhiteElo "2376"]
[BlackElo "2254"]
[PlyCount "90"]
[EventDate "2021.10.14"]
[EventType "swiss"]
[EventRounds "7"]
[EventCountry "GBR"]
[SourceTitle "BritBase"]
[Source "John Saunders"]
[SourceDate "2021.06.05"]
[SourceVersion "1"]
[SourceVersionDate "2021.06.05"]
[SourceQuality "1"]

1. e4 e5 2. Nf3 d6 3. d4 Nd7 4. Bc4 c6 5. O-O Be7 6. a4 Ngf6 7. Nc3 a5 8. Ba2
O-O 9. Re1 h6 10. h3 Re8 11. Be3 Qc7 12. Nh4 Nf8 13. Qf3 exd4 14. Bxd4 Ne6 15.
Be3 Ng5 16. Bxg5 hxg5 17. Nf5 Bxf5 18. Qxf5 Rf8 19. Rad1 Nd7 20. Qg4 Ne5 21.
Qe2 g6 22. g3 Rae8 23. Kg2 Kg7 24. Qd2 Rh8 25. Rh1 Qb6 26. Bb3 Nd7 27. f3 Nc5
28. Qf2 Rd8 29. Rd2 Bf6 30. Qe3 Qc7 31. Bc4 Rhe8 32. h4 gxh4 33. gxh4 Qe7 34.
h5 Rh8 35. hxg6 fxg6 36. Re2 Rxh1 37. Kxh1 Rh8+ 38. Kg1 Qe5 39. Rg2 Qh5 40. Kf1
Be5 41. Ne2 Rf8 42. Kf2 Qh4+ 43. Kf1 Nxe4 44. Bd3 Rxf3+ 45. Qxf3 Nd2+ 0-1

[Event "GBR-ch107 Womens ch"]
[Site "Hull"]
[Date "2021.10.15"]
[Round "2.3"]
[White "Pyun, Lindsay"]
[Black "Kueh, Audrey"]
[Result "0-1"]
[WhiteElo "1443"]
[BlackElo "2080"]
[PlyCount "100"]
[EventDate "2021.10.14"]
[EventType "swiss"]
[EventRounds "7"]
[EventCountry "GBR"]
[SourceTitle "BritBase"]
[Source "John Saunders"]
[SourceDate "2021.06.05"]
[SourceVersion "1"]
[SourceVersionDate "2021.06.05"]
[SourceQuality "1"]

1. e4 c6 2. d4 d5 3. exd5 cxd5 4. Bd3 Nc6 5. c3 Qc7 6. Nf3 Bg4 7. h3 Bh5 8. Bg5
e6 9. Nbd2 Bd6 10. Qc2 Nge7 11. Bxe7 Nxe7 12. Bb5+ Nc6 13. O-O O-O 14. Bd3 Bg6
15. Bxg6 hxg6 16. Rfe1 b5 17. Qd3 Rfc8 18. Rac1 Na5 19. b3 Rab8 20. Ne5 Nc6 21.
Ndf3 Rb7 22. Nxc6 Qxc6 23. Ne5 Qa6 24. Rc2 Rbc7 25. Rec1 Bxe5 26. dxe5 Qb6 27.
Qe2 Rc6 28. Qd3 a5 29. g3 a4 30. b4 Rc4 31. Kf1 Qc7 32. Re1 d4 33. Re4 Rxc3 34.
Rxc3 dxc3 35. Qc2 Rd8 36. Re3 Qc4+ 37. Kg2 Rd2 38. Qxc3 Qd5+ 39. Rf3 Rxa2 40.
g4 Re2 41. Qc5 Qxc5 42. bxc5 Rc2 43. Rd3 Rxc5 44. Rd8+ Kh7 45. f4 a3 46. Ra8
Rc2+ 47. Kg3 a2 48. Kf3 b4 49. Ke3 b3 50. Kd3 Rc1 0-1

[Event "GBR-ch107 Womens ch"]
[Site "Hull"]
[Date "2021.10.15"]
[Round "2.4"]
[White "Bridgeman, Niamh"]
[Black "Hariharan, Shambavi"]
[Result "1-0"]
[WhiteElo "1802"]
[BlackElo "1109"]
[PlyCount "93"]
[EventDate "2021.10.14"]
[EventType "swiss"]
[EventRounds "7"]
[EventCountry "GBR"]
[SourceTitle "BritBase"]
[Source "John Saunders"]
[SourceDate "2021.06.05"]
[SourceVersion "1"]
[SourceVersionDate "2021.06.05"]
[SourceQuality "1"]

1. d4 d5 2. Nf3 Nf6 3. e3 e6 4. Bd3 c6 5. O-O Bd6 6. b3 O-O 7. Bb2 Nbd7 8. Nbd2
Re8 9. Ne5 c5 10. f4 cxd4 11. exd4 a5 12. g4 Nf8 13. Qf3 Qe7 14. f5 exf5 15.
Bxf5 Bxf5 16. Qxf5 Qe6 17. g5 Qxf5 18. Rxf5 Bxe5 19. dxe5 N6d7 20. Raf1 Re7 21.
h4 b5 22. c4 dxc4 23. bxc4 g6 24. R5f4 Nc5 25. cxb5 Nd3 26. Ba3 Rd7 27. Ne4
Nxf4 28. Nf6+ Kg7 29. Bxf8+ Rxf8 30. Nxd7 Rd8 31. Rxf4 Rxd7 32. b6 Rd1+ 33. Rf1
Rd7 34. Rb1 Rb7 35. Kf2 Kf8 36. Ke3 Ke7 37. Kd4 Kd7 38. Kc5 a4 39. Rd1+ Kc8 40.
Kc6 Re7 41. Rd5 Re6+ 42. Kb5 a3 43. Ka6 Re7 44. Rd3 Rxe5 45. b7+ Kc7 46. Rc3+
Kb8 47. Rc8# 1-0

[Event "GBR-ch107 Womens ch"]
[Site "Hull"]
[Date "2021.10.15"]
[Round "2.5"]
[White "Singha, Swati"]
[Black "Subramanian, Anusha"]
[Result "0-1"]
[WhiteElo "1438"]
[BlackElo "1623"]
[PlyCount "130"]
[EventDate "2021.10.14"]
[EventType "swiss"]
[EventRounds "7"]
[EventCountry "GBR"]
[SourceTitle "BritBase"]
[Source "John Saunders"]
[SourceDate "2021.06.05"]
[SourceVersion "1"]
[SourceVersionDate "2021.06.05"]
[SourceQuality "1"]

1. e4 c6 2. Nc3 d5 3. d4 dxe4 4. Nxe4 Bf5 5. Ng3 Bg6 6. Nf3 Nd7 7. Nh4 e6 8.
Nxg6 hxg6 9. Bc4 Ngf6 10. Qd3 Bd6 11. Bd2 b5 12. Bb3 a5 13. a3 a4 14. Ba2 Rb8
15. O-O Nd5 16. h3 Qh4 17. Ne4 Be7 18. f3 Nf4 19. Bxf4 Qxf4 20. Qd2 Qxd2 21.
Nxd2 Nf6 22. Ne4 Nd5 23. Bxd5 cxd5 24. Nc3 Bf6 25. Rad1 Rh4 26. f4 g5 27. Ne2
b4 28. f5 bxa3 29. bxa3 Rb2 30. Rb1 Rxb1 31. Rxb1 Bxd4+ 32. Kf1 Bc5 33. fxe6
fxe6 34. Ra1 Re4 35. Nc1 Rc4 36. Ra2 Rc3 37. Nd3 Rxa3 38. Rb2 Bd6 39. Rb6 Ke7
40. Rb7+ Kf6 41. Rd7 Be7 42. Nf2 e5 43. Ng4+ Ke6 44. Ra7 Ra1+ 45. Ke2 a3 46.
Nxe5 Bc5 47. Rxg7 Kxe5 48. Rxg5+ Kd4 49. h4 a2 50. Rg4+ Kc3 51. Ra4 Kb2 52. Ra5
Rh1 53. Rb5+ Kxc2 54. Rxc5+ Kb3 55. Rxd5 a1=Q 56. Rd3+ Kc4 57. Rd8 Re1+ 58. Kf2
Qf6+ 59. Kxe1 Qxd8 60. g3 Qd3 61. Kf2 Kd4 62. Kg2 Ke4 63. Kh3 Kf3 64. g4 Kf2+
65. Kh2 Qg3+ 0-1

[Event "GBR-ch107 Womens ch"]
[Site "Hull"]
[Date "2021.10.15"]
[Round "3.1"]
[White "Toma, Katarzyna"]
[Black "Hunt, Harriet V"]
[Result "1-0"]
[WhiteElo "2254"]
[BlackElo "2414"]
[PlyCount "117"]
[EventDate "2021.10.14"]
[EventType "swiss"]
[EventRounds "7"]
[EventCountry "GBR"]
[SourceTitle "BritBase"]
[Source "John Saunders"]
[SourceDate "2021.06.05"]
[SourceVersion "1"]
[SourceVersionDate "2021.06.05"]
[SourceQuality "1"]

1. e4 e5 2. Nf3 Nc6 3. Nc3 Nf6 4. Bb5 Bb4 5. O-O O-O 6. Nd5 Bd6 7. Nxf6+ Qxf6
8. d3 h6 9. h3 a6 10. Bxc6 dxc6 11. Be3 c5 12. b3 Be6 13. a4 b6 14. Qe2 Rad8
15. Bd2 Bc8 16. Bc3 Rfe8 17. Rfe1 Qg6 18. Qe3 Qh5 19. Nh2 Re6 20. Qf3 Qg5 21.
Ng4 Rg6 22. Ne3 Re8 23. Nd5 Ree6 24. Re3 Bb7 25. g3 h5 26. Qf5 h4 27. Qxg5 Rxg5
28. Kg2 f5 29. Bd2 f4 30. Rf3 hxg3 31. fxg3 Reg6 32. g4 Bc8 33. Be1 Kf7 34. Kf1
Rh6 35. c4 Be6 36. a5 b5 37. cxb5 axb5 38. a6 Rh8 39. Ra5 Bd7 40. Kg2 Ra8 41.
Rf2 Ra7 42. Rfa2 c6 43. Nb6 Be6 44. Bf2 Ke7 45. Rc2 Kd8 46. Rxc5 Bxc5 47. Bxc5
Bxb3 48. Nd5 cxd5 49. Bxa7 dxe4 50. dxe4 Bc2 51. Kf3 Bd1+ 52. Kf2 Bc2 53. Bb6+
Kd7 54. a7 Bxe4 55. a8=Q Bxa8 56. Rxa8 Kc6 57. Bd8 Kb7 58. Bxg5 Kxa8 59. Be7
1-0

[Event "GBR-ch107 Womens ch"]
[Site "Hull"]
[Date "2021.10.15"]
[Round "3.2"]
[White "Kueh, Audrey"]
[Black "Varney, Zoe"]
[Result "1-0"]
[WhiteElo "2080"]
[BlackElo "1937"]
[PlyCount "75"]
[EventDate "2021.10.14"]
[EventType "swiss"]
[EventRounds "7"]
[EventCountry "GBR"]
[SourceTitle "BritBase"]
[Source "John Saunders"]
[SourceDate "2021.06.05"]
[SourceVersion "1"]
[SourceVersionDate "2021.06.05"]
[SourceQuality "1"]

1. e4 e5 2. Nf3 Nc6 3. Bb5 a6 4. Ba4 Nf6 5. O-O Be7 6. Bxc6 dxc6 7. Qe1 Nd7 8.
d4 exd4 9. Nxd4 Ne5 10. Nf5 Bxf5 11. exf5 f6 12. Nc3 Qd7 13. Qe4 O-O-O 14. Bf4
g6 15. fxg6 hxg6 16. Rad1 Bd6 17. Qd4 c5 18. Qa4 Qh7 19. Rfe1 Qh5 20. Bg3 g5
21. Ne4 Be7 22. Rxd8+ Kxd8 23. Nd2 Bd6 24. Nf1 Re8 25. Re3 f5 26. Bxe5 Bxe5 27.
c3 f4 28. Rh3 Qe2 29. Rh7 Qd3 30. Rh3 Qb1 31. Qb3 Qe4 32. Qf7 Re7 33. Qg8+ Kd7
34. Rh5 Rg7 35. Qf8 Kc6 36. Rh6+ Kb5 37. Re6 Qd5 38. Qe8+ 1-0

[Event "GBR-ch107 Womens ch"]
[Site "Hull"]
[Date "2021.10.15"]
[Round "3.3"]
[White "Arakhamia-Grant, Ketevan E"]
[Black "Arora, Prachi"]
[Result "1-0"]
[WhiteElo "2376"]
[BlackElo "1437"]
[PlyCount "47"]
[EventDate "2021.10.14"]
[EventType "swiss"]
[EventRounds "7"]
[EventCountry "GBR"]
[SourceTitle "BritBase"]
[Source "John Saunders"]
[SourceDate "2021.06.05"]
[SourceVersion "1"]
[SourceVersionDate "2021.06.05"]
[SourceQuality "1"]

1. e4 e6 2. d4 d5 3. Nc3 dxe4 4. Nxe4 Nc6 5. Nf3 Nge7 6. c3 Nd5 7. Bd3 Be7 8.
Qe2 Nf6 9. Bd2 Nxe4 10. Bxe4 Bd7 11. O-O-O Bf6 12. g4 g6 13. Bf4 Be7 14. d5
exd5 15. Bxd5 O-O 16. Bh6 Re8 17. Qc4 Kh8 18. Bxc6 bxc6 19. Qxf7 Rg8 20. Ne5
Bg5+ 21. Bxg5 Qxg5+ 22. f4 Qh6 23. Qf6+ Qg7 24. Nf7# 1-0